[Event "Norway Chess 2nd"]
[Site "Stavanger"]
[Date "2014.06.12"]
[Round "8"]
[White "Svidler, Peter"]
[Black "Carlsen, Magnus"]
[Result "1/2-1/2"]
[WhiteElo "2753"]
[BlackElo "2881"]
[Annotator "Roiz,Michael"]
[PlyCount "74"]
[EventDate "2014.06.03"]
[EventType "tourn"]
[EventRounds "9"]
[EventCountry "NOR"]
[EventCategory "21"]
[SourceTitle "CBM 161"]
[Source "ChessBase"]
[SourceDate "2014.07.16"]
[SourceVersion "1"]
[SourceVersionDate "2014.07.16"]
[SourceQuality "1"]

1. c4 e5 2. Nc3 Nc6 3. Nf3 f5 {I guess this came as a real susprise for Peter. This system is rarely seen on the top level.} 4. d3 {Not the most principled response.} (4. d4 e4 {is the main theoretical line here, but it requires a lot of knowledge from both players.}) 4... Nf6 5. g3 Bb4 6. Bg2 {This move is connected with a definite strategic risk, since White's q-side pawn structure becomes less flexible, while the bishops are not so strong in such a closed positions.} ({That's why} 6. Bd2 $5 O-O 7. Bg2 d6 8. O-O {makes a lot of sense. For instance,} Bd7 (8... Bc5 $142 9. e3 a6) 9. a3 Bxc3 10. Bxc3 Qe8 11. e3 f4 12. exf4 exf4 13. Qd2 $14 {1-0 Grandelius,N (2536)-Tikkanen,H (2591)/Germany 2011/CBM 146/[RR] (65)}) 6... Bxc3+ 7. bxc3 d6 8. O-O (8. Qb3 O-O 9. c5+ d5 $132) 8... O-O 9. Rb1 Qe8 10. Qb3 $6 {It looks like Peter wasn't familiar with the chosen opening system. The queen has no good prospects there, so White is just losing a tempo.} ({White's play should be based on attacking the opponent's pawn centre by means of} 10. c5 dxc5 (10... Qh5 11. cxd6 cxd6 12. Ba3 Rd8 13. Qd2 Rb8 14. Qg5 Qxg5 15. Nxg5 $14 {1-0 Vaganian,R (2625)-Dzindzichashvili,R (2530)/Saint John 1988/EXT 1997 (53)}) (10... d5 11. Bg5 Qh5 12. e3 e4 13. Bxf6 Rxf6 14. Nd4 Qxd1 15. Rfxd1 Ne5 16. Nb5 c6 17. d4 Nc4 18. Nc7 Rb8 19. Na6 Ra8 20. Nc7 Rb8 21. Bf1 $14 {½-½ Ubilava,E (2525)-Kristiansen,J (2430)/Kecskemet 1989/TD (46)}) 11. Be3 Qe7 12. Qa4 Kh8 13. Nd2 $44) ({Or even} 10. Ne1 $5 Qh5 11. f4 Re8 12. Nf3 e4 13. Nd4 Nxd4 14. cxd4 $132 {1-0 Nikolac,J (2485)-Plaskett,J (2470)/Bahrain 1990/CBM 020/[Ribli] (37)}) ({RR} 10. Ne1 b6 11. Nc2 Bb7 12. Nb4 Na5 13. Nd5 Qf7 14. Nxf6+ Qxf6 15. f3 f4 16. e4 Rae8 17. Bh3 Qh6 18. Bg4 Qg6 19. Rb2 fxg3 20. hxg3 h5 21. Bf5 Rxf5 22. exf5 Qxf5 23. Qd2 Re6 24. Qg5 Qxd3 {Goganov,A (2590)-Khismatullin,D (2680) Samara 2014 1-0 (40)}) ({RR} 10. Ba3 Qh5 11. c5 d5 12. e3 f4 13. exf4 exf4 14. Nd4 Bg4 15. f3 fxg3 16. hxg3 Bh3 17. Rxb7 Nxd4 18. cxd4 c6 19. Re1 Bxg2 20. Kxg2 Rae8 21. Rbe7 Rxe7 22. Rxe7 Ne4 23. dxe4 dxe4 24. Rxe4 Qd5 {Fernandes,R (2241)-Kuzuev,D (2436) chess.com INT 2025 1-0}) 10... b6 $146 {This natural move is a sound novelty in a rare position. Objectively speaking, Black's position already looks better, since White lacks any counterplay on the q-side.} (10... Kh8 {½-½ Uddenfeldt,D-Kaplan,J/Stockholm 1969/EXT 2001 (64)}) 11. Nh4 $146 ({RR} 11. Ng5 Na5 12. Qc2 Rb8 13. Ba3 Qh5 14. Nf3 f4 15. c5 dxc5 16. Bxc5 Re8 17. Bb4 Nc6 18. Rfc1 Bf5 19. Nh4 Bd7 20. Bf3 Qh6 21. Nf5 Qh3 22. Nh4 Ng4 23. Bxg4 Bxg4 24. Qd1 g5 25. Nf3 Qh5 {Simeone,G (1991)-Beltrami,N (1909) Arco 2014 1-0 (32)}) 11... Na5 ({Another energetic way to handle the position is} 11... e4 $5 12. f3 h6 13. fxe4 fxe4 14. Nf5 Bd7 $15) 12. Qa3 {It is not easy to find a useful place for the queen now.} (12. Qc2 Rb8 13. Bg5 h6 14. Bxf6 Rxf6 $15) 12... Rb8 13. Be3 $6 {One more inaccurate move - the e3 is just a target for Black's pieces, while f5-f4 would come with tempo.} ({The lesser evil was} 13. Bg5 h6 14. Bxf6 Rxf6 $15 {getting rid of the useless bishop.}) 13... f4 $1 {An obvious temporary pawn sacrifice.} 14. gxf4 {Accepting the challenge.} (14. Bd2 Bg4 15. Rfe1 Qh5 $17) 14... Qh5 {Black's attack plays itself now.} ({Magnus had another good possibility at his disposal:} 14... e4 $5 15. dxe4 Nxe4 16. Rbd1 Bb7 $17 {White's position desperately lacks any harmony.}) 15. Nf3 Bh3 {Liquidating the main defender of White's monarch.} (15... e4 16. Ng5 exd3 17. exd3 Bf5 $17) 16. Bxh3 Qxh3 17. Kh1 Rbe8 $1 (17... e4 18. dxe4 Nxe4 19. Rg1 c5 20. Rg2 Rbe8 21. Rbg1 Re7 $17) 18. Qb2 $6 (18. Qa4 e4 (18... exf4 19. Bxf4 Rxe2 20. Ng1 Qxd3 21. Nxe2 Qxe2 22. f3 $17) 19. Ng1 Qf5 20. d4 $17) 18... e4 $1 19. Ng5 Qh5 $19 {As a result of Peter's unsuccessful play, Carlsen has a completely winning position on move 19!} 20. dxe4 (20. Rg1 exd3 21. exd3 h6 $19) 20... Ng4 (20... h6 $5 21. Nf3 Nxc4 22. Qb3 Rxe4 23. Rg1 Kh8 $19) 21. Nf3 Nxc4 {Starting to collect the pawns.} 22. Qb3 Rxe4 23. Rg1 d5 ({Avoiding the pin wasn't necessary:} 23... Rfxf4 24. Bxf4 Nxf2+ 25. Kg2 Nh3 $19) 24. Qb5 {Black has many good possibilities, but here the miracle comes...} Rfxf4 $2 {A terrible misclaculation. Magnus has missed a nice defensive resourse.} ({All the following continuations were quite convincing:} 24... Ncxe3 25. fxe3 Nf2+ (25... Rxe3 26. Rg2 Re7 $19) 26. Kg2 Nh3 27. Rgf1 Rxe3 $19) (24... c5 25. Qd7 Ncxe3 26. fxe3 Nf2+ 27. Kg2 Qg4+ 28. Qxg4 Nxg4 $19) (24... Nxf2+ 25. Bxf2 Rxe2 $19) 25. Bxf4 Nxf2+ 26. Kg2 Rxe2 ({After} 26... Nh3 27. Qd7 $1 Rxe2+ 28. Kg3 Nxf4 29. Rbe1 $1 {White gets serious counterplay and should survive as well:} (29. Kxf4 Re4+ 30. Kg3 Qxf3+ 31. Kxf3 Ne5+ 32. Kg2 Nxd7 $17) 29... Qg6+ 30. Kxf4 Re4+ 31. Rxe4 Qxe4+ 32. Kg3 Qxf3+ 33. Kxf3 Ne5+ 34. Kf4 Nxd7 35. Rd1 Nf6 36. Ke5 $11) 27. Kf1 $1 {That is the point! Suddenly White is able to make use of the g-file.} Ne4 ({There was no more than a perpetual after:} 27... Qxf3 28. Rg3 Qe4 (28... Qxf4 $2 29. Qxd5+ Qf7 30. Qxf7+ Kxf7 31. Kxe2 $18) 29. Qd7 $1 g6 30. Qc8+ Kg7 31. Qxc7+ Kg8 32. Qd8+ $11) 28. Rxg7+ $1 (28. Kxe2 Nxc3+ 29. Kf2 Nxb5 30. Rxb5 c5 $19) 28... Kf8 $6 {A risky decision - Magnus is trying to complicate matters, but now Black is in real danger as well.} ({After the correct} 28... Kxg7 29. Qd7+ Qf7 30. Qg4+ Qg6 31. Qd7+ Kh8 32. Qd8+ Qg8 33. Qxg8+ Kxg8 34. Kxe2 Nxc3+ 35. Kd3 Nxb1 36. Bxc7 $15 {White should be able to survive, but some work is required.}) 29. Kxe2 Nxc3+ 30. Kf2 Nxb5 31. Rbg1 {Now White's king is well protected, but the f8 is under fire.} Nc3 $2 {A natural mistake in such a scary situation.} ({It was very difficult to find the most precise defence:} 31... Nbd6 32. Rg8+ Ke7 33. R1g7+ Kf6 34. Rxc7 d4 $1 {freeing a way out for the monarch} 35. Rf8+ (35. Ng5 Qd1 36. Rf8+ Kg6 37. Rg8+ Kf6 $11) (35. Nxd4 Qd1 36. Rf8+ Kg6 37. Rg8+ Kf6 $11) 35... Ke6 36. Nxd4+ Kd5 37. Nf3 Ne4+ 38. Ke2 Nc3+ 39. Kf2 Ne4+ $11) 32. Rxc7 $2 {Returning the favour!} ({White's attack seems decisive after} 32. Rg8+ $1 Ke7 33. R1g7+ Kf6 34. Rxc7 Ne4+ 35. Kg2 $40 {For example:} Kf5 36. Rf8+ Kg6 37. Re7 $18) 32... Ne4+ 33. Ke1 $1 {Correctly leaving the knight unprotected.} (33. Ke2 $2 Nc5 $1 34. Rc8+ Kf7 35. Rc7+ Kf6 36. Rc6+ Ne6 37. Rg5 Qe8 38. Nd4 Qxc6 39. Rf5+ Kg6 40. Rg5+ Nxg5 41. Nxc6 Kf5 $17) 33... Nc5 {Now the game ends quickly.} ({White has enough counterplay also after} 33... Ncd6 34. Nd4 Qh4+ 35. Kd1 Qh3 36. Rg3 $1 Nxg3 (36... Qf1+ 37. Kc2 Qf2+ 38. Kd3 Nc5+ 39. Rxc5 bxc5 40. Bxd6+ Ke8 41. Bxc5 $11) 37. Bxd6+ Kg8 38. Bxg3 Qg4+ 39. Ne2 $11) 34. Rc8+ Kf7 35. Rc7+ Kf8 ({Magnus had no reason to refuse the draw at this point:} 35... Kf6 36. Rc6+ Ne6 $6 (36... Kf7 $11) 37. Nd4 Qh4+ 38. Rg3 Qxf4 39. Rf3 Qxf3 40. Nxf3 $14) 36. Rc8+ Kf7 37. Rc7+ Kf8 {A very disappointing draw for Magnus in this game!} 1/2-1/2

[Event "Living pieces game blindfold"]
[Site "Porsgrunn"]
[Date "2007.06.16"]
[Round "1"]
[White "Lie, Kjetil A"]
[Black "Carlsen, Magnus"]
[Result "0-1"]
[WhiteElo "2529"]
[BlackElo "2693"]
[PlyCount "100"]
[EventDate "2007.06.16"]
[EventType "game"]
[EventCountry "NOR"]
[SourceTitle "EXT 2023"]
[Source "ChessBase"]
[SourceDate "2022.10.05"]
[SourceVersion "1"]
[SourceVersionDate "2022.10.05"]
[SourceQuality "1"]

1. c4 Nf6 2. g3 e5 3. Bg2 h6 4. a3 Bc5 5. Nc3 a6 6. e3 Nc6 7. Nge2 O-O 8. O-O d6 9. b4 Ba7 10. d3 $146 ({RR} 10. Bb2 Rb8 11. Qc2 Ne7 12. d4 Ng6 13. Rfd1 b5 14. c5 Qe7 15. a4 bxa4 16. Rxa4 Re8 17. Nd5 Nxd5 18. Bxd5 Qg5 19. Bc6 Re7 20. dxe5 dxe5 21. Rd8+ Kh7 22. Rxc8 Rxc8 23. Rxa6 Bb8 24. Be4 Rf8 {Gurevich,M (2633)-Akyuz,A (1891) Izmir 2007 1-0 (37)}) 10... Rb8 11. Bb2 Ne7 12. h3 b5 13. cxb5 axb5 14. Kh2 Bb7 15. Bxb7 Rxb7 16. a4 bxa4 17. Rxa4 c6 18. Qc2 Bb8 19. Rfa1 d5 20. Nd1 Qd7 21. f4 Ng6 22. Nf2 Re8 23. Bc1 h5 24. Bd2 h4 25. Kg2 hxg3 26. Nxg3 exf4 27. exf4 Nh4+ 28. Kf1 Nf5 29. Nxf5 Qxf5 30. Qd1 Rbe7 31. Qf3 Nh5 32. b5 cxb5 33. Rb4 Qg6 34. Ng4 f5 35. Ne3 Ng3+ 36. Kf2 d4 37. Rxd4 Qf6 38. Qd5+ Kh7 39. Kxg3 Rxe3+ 40. Bxe3 Rxe3+ 41. Kf2 Rxh3 42. Qd8 Qe6 43. Re1 Rh2+ 44. Kg3 Qxe1+ 45. Kxh2 Qf2+ 46. Kh3 Qf3+ 47. Kh2 Bxf4+ 48. Kg1 Be3+ 49. Kh2 Qf2+ 50. Kh1 Qg1# 0-1

[Event "Tata Steel-A 82nd"]
[Site "Wijk aan Zee"]
[Date "2020.01.11"]
[Round "1"]
[White "Carlsen, Magnus"]
[Black "Giri, Anish"]
[Result "1/2-1/2"]
[WhiteElo "2872"]
[BlackElo "2768"]
[PlyCount "49"]
[EventDate "2020.01.11"]
[EventType "tourn"]
[EventRounds "13"]
[EventCountry "NED"]
[EventCategory "20"]
[SourceTitle "CBM 194"]
[Source "ChessBase"]
[SourceDate "2020.01.27"]
[SourceVersion "1"]
[SourceVersionDate "2020.01.27"]
[SourceQuality "1"]

1. c4 Nf6 2. Nc3 e5 3. e3 Nc6 4. Qb3 g6 5. Nf3 Bg7 6. d4 exd4 7. exd4 O-O 8. Be2 d6 9. O-O Re8 10. h3 Ne4 11. Nxe4 $146 ({RR} 11. Be3 Nxc3 12. bxc3 Na5 13. Qa3 b6 14. c5 Be6 15. cxd6 Qxd6 16. Qa4 Bd7 17. Qc2 Bf5 18. Bd3 Bxd3 19. Qxd3 c5 20. Rfd1 Rad8 21. Qb5 cxd4 22. cxd4 Qd5 23. a4 Nc6 24. Rac1 Re6 25. Qxd5 Rxd5 {Melkumyan,H (2650)-Fromm,M (2472) chess.com INT 2023 1-0 (44)}) 11... Rxe4 12. Be3 Nxd4 13. Nxd4 Bxd4 14. Bf3 Rh4 15. Bxd4 Rxd4 16. Bxb7 Bxb7 17. Qxb7 Rxc4 18. Rac1 Rxc1 19. Rxc1 c5 20. Rd1 Rb8 21. Qxa7 Rxb2 22. Qxc5 dxc5 23. Rxd8+ Kg7 24. Rc8 Rxa2 25. Rxc5 1/2-1/2

[Event "Olympiad-44"]
[Site "Chennai"]
[Date "2022.08.06"]
[Round "8.1"]
[White "Carlsen, Magnus"]
[Black "Pechac, Jergus"]
[Result "1/2-1/2"]
[WhiteElo "2864"]
[BlackElo "2594"]
[PlyCount "83"]
[EventDate "2022.07.29"]
[EventType "team-swiss"]
[EventRounds "11"]
[EventCountry "IND"]
[SourceTitle "EXT 2023"]
[Source "ChessBase"]
[SourceDate "2022.10.05"]
[SourceVersion "1"]
[SourceVersionDate "2022.10.05"]
[SourceQuality "1"]
[WhiteTeam "Norway"]
[BlackTeam "Slovakia"]
[WhiteTeamCountry "NOR"]
[BlackTeamCountry "SVK"]

1. c4 e5 2. e3 Nf6 3. Nc3 Nc6 4. Qb3 g6 5. d3 Bg7 6. g3 b6 ({RR} 6... O-O 7. Bg2 d6 8. Nge2 Ne7 9. O-O c6 10. d4 Qc7 11. Rd1 exd4 12. exd4 Bg4 13. h3 Bxe2 14. Nxe2 Rfe8 15. Bf4 Nh5 16. Bg5 h6 17. Bd2 Nf5 18. Qd3 Nf6 19. Bf4 Qb6 20. Bd2 d5 21. c5 {Moroni,L (2549)-Nihal,S (2692) chess.com INT 2025 0-1 (50)}) 7. Bg2 Bb7 8. Qd1 Qe7 $146 ({RR} 8... O-O 9. Nge2 a6 10. O-O b5 11. cxb5 axb5 12. Nxb5 Ba6 13. Nbc3 d5 14. a3 e4 15. dxe4 dxe4 16. b4 Bd3 17. Ra2 Ne5 18. Re1 c5 19. bxc5 Qa5 20. Bd2 Qxc5 21. Nd4 Rxa3 22. Rxa3 Qxa3 23. Qa1 {Pechac,J (2610)-Harikrishna,P (2704) Poland POL 2023 0-1 (60)}) 9. Nge2 h5 10. h3 h4 11. g4 Nd8 12. Bxb7 Nxb7 13. e4 Nc5 14. Be3 Ne6 15. Qd2 c6 16. O-O-O O-O-O 17. d4 exd4 18. Nxd4 Nc5 19. Bg5 Ne6 20. Nxe6 dxe6 21. Qe2 e5 22. Rxd8+ Rxd8 23. Bxh4 Bh6+ 24. g5 Nd7 25. Qg4 Bf8 26. Bg3 Kc7 27. Rd1 Qb4 28. Qe2 Qe7 29. h4 Qe6 30. f4 exf4 31. Bxf4+ Ne5 32. Rxd8 Kxd8 33. b3 Bd6 34. Qd2 Ke7 35. Kc2 Qg4 36. Qf2 Qf3 37. Be3 Ke6 38. Qxf3 Nxf3 39. Bf2 Ke5 40. Bg3+ Ke6 41. Bf2 Ke5 42. Bg3+ 1/2-1/2

[Event "Olympiad-38"]
[Site "Dresden"]
[Date "2008.11.17"]
[Round "5"]
[White "Carlsen, Magnus"]
[Black "Mamedyarov, Shakhriyar"]
[Result "1/2-1/2"]
[WhiteElo "2786"]
[BlackElo "2731"]
[PlyCount "66"]
[EventDate "2008.11.13"]
[EventType "team-swiss"]
[EventRounds "11"]
[EventCountry "GER"]
[SourceTitle "CBM 128"]
[Source "ChessBase"]
[SourceDate "2009.01.28"]
[SourceVersion "1"]
[SourceVersionDate "2009.01.28"]
[SourceQuality "1"]
[WhiteTeam "Norway"]
[BlackTeam "Azerbaijan"]
[WhiteTeamCountry "NOR"]
[BlackTeamCountry "AZE"]

1. c4 {L'Ami,Erwin} e5 2. Nc3 Nf6 3. Nf3 Nc6 4. a3 g6 5. g3 Bg7 6. Bg2 O-O 7. d3 d6 8. Bg5 h6 9. Bxf6 Bxf6 10. O-O Be6 11. b4 $146 ({RR} 11. Nd2 Qd7 12. b4 Bg7 ({RR} 12... Bh3 13. Nd5) 13. Rc1 Bh3 14. Bxh3 Qxh3 15. e3 Nd8 16. Qf3 Qd7 17. b5 c6 18. a4 a5 19. Nb3 Ne6 20. Rfd1 ({RR} 20. Qg2 f5 21. f4 Rfe8) 20... f5 21. d4 ({RR} 21. Qg2 f4 22. gxf4 exf4 23. Qxg6 Ng5) 21... Ng5 22. Qe2 ({RR} 22. Qg2 f4 23. Kh1 ({RR} 23. dxe5 fxe3 24. f4 Nh3+ 25. Kh1 Nf2+ 26. Kg1 Nxd1 27. Rxd1 Qf7) 23... fxe3 ({RR} 23... f3 24. Qf1) 24. fxe3 exd4 25. exd4 Nf3) 22... f4 23. dxe5 fxg3 24. f4 Nh3+ 25. Kg2 Rxf4 {Reinderman,D (2506)-L'Ami,E (2598) Dieren 2007 CBM 124 [L'Ami,Erwin] 0-1} {RR} 26. Nc5 Qf5 27. Nd3 Rf2+ 28. Nxf2 Nxf2 29. hxg3 Nxd1) 11... Ne7 12. Rc1 c6 13. b5 d5 14. Nd2 Bg7 15. bxc6 bxc6 16. Qa4 f5 17. cxd5 cxd5 18. e3 e4 19. Rfd1 Rc8 20. Nb5 Bd7 21. Rb1 Rb8 22. dxe4 Qe8 23. exd5 Bxb5 24. Qxa7 Be5 25. Qc5 Qd7 26. Nf3 Bd6 27. Qd4 Be2 28. Rxb8 Rxb8 29. Re1 Bxf3 30. Bxf3 Bxa3 31. e4 fxe4 32. Rxe4 Rb4 33. Qe3 Rxe4 1/2-1/2

[Event "Wch U12"]
[Site "Heraklion"]
[Date "2002.11.24"]
[Round "11"]
[White "Carlsen, Magnus"]
[Black "Howell, David"]
[Result "1/2-1/2"]
[WhiteElo "2250"]
[BlackElo "2224"]
[PlyCount "105"]
[EventDate "2002.11.15"]
[EventType "swiss"]
[EventRounds "11"]
[EventCountry "GRE"]
[SourceTitle "CBM 091 Extra"]
[Source "ChessBase"]
[SourceDate "2003.01.09"]
[SourceVersion "1"]
[SourceVersionDate "2003.01.09"]
[SourceQuality "1"]

1. Nf3 Nc6 2. c4 e5 3. Nc3 g6 4. d4 exd4 5. Nxd4 Bg7 6. Nxc6 bxc6 7. g3 Ne7 8. Bg2 O-O 9. O-O Rb8 10. Qa4 a6 11. Rd1 Re8 12. c5 Nd5 13. Nxd5 cxd5 14. Bxd5 Qe7 15. Be3 $146 ({RR} 15. Qc4 Rb5 16. c6 d6 17. Bg5 Qxg5 18. Bxf7+ Kf8 19. Bxe8 d5 20. Qd3 Kxe8 21. e4 Bxb2 22. Rab1 Qe5 23. Qe3 Qxe4 24. Qa7 Be5 25. Rxb5 Bh3 26. Rb8+ Kf7 27. Rf8+ Kg7 {0-1 (27) Jovic,S (2270)-Sekulic,D (2355) Nis 1993}) 15... Rxb2 16. Qc4 Be5 17. Rab1 Rxb1 18. Rxb1 c6 19. Bf3 Kf8 20. Rd1 Rd8 21. h4 Kg7 22. Kg2 h6 23. h5 g5 24. Bg4 Qf6 25. Qe4 d5 26. cxd6 Bxg4 27. Qxg4 Rxd6 28. Rxd6 Qxd6 29. Qc4 Qd5+ 30. Qxd5 cxd5 31. f4 gxf4 32. gxf4 Bb2 33. Kf3 f5 34. Bc5 Kf7 35. e3 Bg7 36. Ke2 Ke6 37. Kd3 Kd7 38. Bd4 Bf8 39. Bc3 Kc6 40. Be5 Kc5 41. Kc3 Kc6 42. Bf6 Kc5 43. Kd3 Kc6 44. Kd4 Kd6 45. Be5+ Kc6 46. Kd3 Kc5 47. Bf6 Kc6 48. Kd4 Kd6 49. Bh8 Ke6 50. Be5 Ba3 51. Kc3 Bf8 52. Bd4 Kd7 53. Be5 1/2-1/2